<?xml version="1.0" encoding="UTF-8"?>
<marc:record xmlns:marc="http://www.loc.gov/MARC21/slim">
   <marc:leader>00000nam a2200000 a 4500</marc:leader>
   <marc:datafield ind1="1" ind2=" " tag="100">
      <marc:subfield code="a">Sternberg, Clara</marc:subfield>
      <marc:subfield code="4">aut</marc:subfield>
      <marc:subfield code="e">Verfasser/-in</marc:subfield>
   </marc:datafield>
   <marc:datafield ind1="0" ind2="0" tag="245">
      <marc:subfield code="a">Sonntags bei Sophie</marc:subfield>
   </marc:datafield>
   <marc:datafield ind1="0" ind2="0" tag="245">
      <marc:subfield code="b">Roman</marc:subfield>
   </marc:datafield>
   <marc:datafield ind1="0" ind2="0" tag="245">
      <marc:subfield code="c">Clara Sternberg</marc:subfield>
   </marc:datafield>
   <marc:datafield ind1=" " ind2="1" tag="264">
      <marc:subfield code="a">Berlin</marc:subfield>
      <marc:subfield code="b">Aufbau-Taschenbuch</marc:subfield>
      <marc:subfield code="c">2014</marc:subfield>
   </marc:datafield>
   <marc:datafield ind1="1" ind2=" " tag="520">
      <marc:subfield code="a">Angaben aus der Verlagsmeldung

Sonntags bei Sophie : Roman Sternberg. Sonntags bei Sophie(TB) / von Clara Sternberg

Sophie, Rosa und Melanie sind beste Freundinnen - mit allem was dazugehört. Doch plötzlich ist nichts mehr, wie es war.
Sophie erfährt, dass sie nur noch wenige Monate zu leben hat. Ab jetzt sind die Sonntage für die drei reserviert.
Sie erzählen, hören zu, lachen und erinnern sich. Dabei hat Sophie einen großen Wunsch: Sie will bei der Geburt von
Melanies Tochter dabei sein! Ihr Lebensmut gibt Rosa und Melanie die Kraft, neu über ihr Leben nachzudenken und
längst fällige Entscheidungen zu treffen.
</marc:subfield>
   </marc:datafield>
   <marc:datafield ind1=" " ind2=" " tag="020">
      <marc:subfield code="a">9783746625386</marc:subfield>
      <marc:subfield code="9">9783746625386</marc:subfield>
   </marc:datafield>
   <marc:datafield ind1=" " ind2=" " tag="020">
      <marc:subfield code="a">3746625386</marc:subfield>
      <marc:subfield code="9">3746625386</marc:subfield>
   </marc:datafield>
   <marc:datafield ind1=" " ind2=" " tag="300">
      <marc:subfield code="a">282 S.</marc:subfield>
   </marc:datafield>
</marc:record>
